懂得训练员工,你就不用自己做到死! (Record no. 68309)

000 -LEADER
fixed length control field 00482nam a22001817a 4500
003 - CONTROL NUMBER IDENTIFIER
control field MPLRDC
005 - DATE AND TIME OF LATEST TRANSACTION
control field 20220105061050.0
008 - FIXED-LENGTH DATA ELEMENTS--GENERAL INFORMATION
fixed length control field 210129b ||||| |||| 00| 0 eng d
020 ## - INTERNATIONAL STANDARD BOOK NUMBER
International Standard Book Number 978-986-331-306-9
082 ## - DEWEY DECIMAL CLASSIFICATION NUMBER
Classification number 494.3 OJT
100 ## - MAIN ENTRY--PERSONAL NAME
Personal name OJT-SOLUTIONS
245 ## - TITLE STATEMENT
Title 懂得训练员工,你就不用自己做到死!
Statement of responsibility, etc. 钟嘉惠 译
250 ## - EDITION STATEMENT
Edition statement 初版一刷
260 ## - PUBLICATION, DISTRIBUTION, ETC.
Place of publication, distribution, etc. 台湾
Name of publisher, distributor, etc. 台湾东贩
Date of publication, distribution, etc. 2014
300 ## - PHYSICAL DESCRIPTION
Other physical details
650 ## - SUBJECT ADDED ENTRY--TOPICAL TERM
Topical term or geographic name entry element 人事管理
942 ## - ADDED ENTRY ELEMENTS (KOHA)
Koha item type Book
-- 494.3 OJT

No items available.

© 2022. Malaysian Public Library, Research and Development Centre. All Right ReservedE-mailmplrdc@help.edu.my 

Powered by Koha